000 00436cam a2200193ua 4500
001 8588
005 20260515114343.0
008 150206n ii |||gr||||Z||||||eng
040 _cMAIN
041 _aeng
082 _a294.5
100 _aKalidas,
_eAuthor.
245 1 _aRaghu vansha
_cBy Kalidas
250 _a1st.
260 _aNew Delhi:
_bS. Chand,
_c1988.
300 _a114p.
653 _aReligions ofIndic origin
942 _cBK
999 _c7682
_d7682